LEADER 01160nam--2200397---450- 001 990002666650203316 005 20070124094711.0 010 $a88-07-10380-X 035 $a000266665 035 $aUSA01000266665 035 $a(ALEPH)000266665USA01 035 $a000266665 100 $a20051003d2005----km-y0itaa50------ba 101 1 $aita 102 $aIT 105 $ay|||z|||001yy 200 1 $aCambiare idee$el'arte e la scienza della persuasione$fHoward Gardner$gtraduzione di Ester Dornetti 210 $aMilano$cFeltrinelli$d2005 215 $a247 p.$d22 cm 225 2 $aCampi del sapere 410 0$12001$aCampi del sapere 454 1 $12001$aChanging minds$921572 461 1$1001------$12001 606 0 $aPersuasione 676 $a153.852 700 1$aGARDNER,$bHoward$066382 702 1$aDORNETTI,$bEster 801 0$aIT$bsalbc$gISBD 912 $a990002666650203316 951 $aII.3. 2933(VI ps B 1202)$b179607 L.M.$cVI ps B$d00126448 959 $aBK 969 $aUMA 979 $aPECORARO$b90$c20051003$lUSA01$h1336 979 $aCOPAT7$b90$c20070124$lUSA01$h0947 996 $aChanging minds$921572 997 $aUNISA LEADER 01064nam--2200361---450 001 990003434210203316 005 20200714063121.0 010 $a978-88-400-1384-8 035 $a000343421 035 $aUSA01000343421 035 $a(ALEPH)000343421USA01 035 $a000343421 100 $a20100805d2009----km-y0itay50------ba 101 $aita 102 $aIT 105 $a||||||||001yy 200 1 $aBuoni libri per tutti$el'editoria cattolica e l'evoluzione dei generi letterari nel secondo Ottocento$fIsotta Piazza 210 $aMilano$cUnicopli$d2009 215 $a234 p.$d22 cm 225 2 $a<>Europa del libro$v2 410 0$12001$a<>Europa del libro$v2 454 1$12001 461 1$1001-------$12001 606 0 $aStampa cattolica$yItalia$z1849-1890$2BNCF 676 $a070.594 700 1$aPIAZZA,$bIsotta$0608403 801 0$aIT$bsalbc$gISBD 912 $a990003434210203316 951 $aI.2.B. 750$b224405 L.M.$cI.2.B.$d00281261 959 $aBK 969 $aUMA 996 $aBuoni libri per tutti$91109985 997 $aUNISA